| 000 | 00345nam a2200133Ia 4500 | ||
|---|---|---|---|
| 008 | 191201s2007 xx 000 0 und d | ||
| 082 |
_a510.53 _bKRN |
||
| 100 | _aKRISHNAMURTHY, B | ||
| 245 | 0 | _aNumerical Algorithms Computations in SC | |
| 260 |
_aN.Delhi _bNew Age International _c2007 |
||
| 300 | _a- | ||
| 650 | _aB.Tech(IT) | ||
| 942 |
_2ddc _cBK |
||
| 999 |
_c2822 _d2822 |
||